Creatividad para el cambio: innovación para la vida y la empresa (Registro nro. 12333)

Detalles MARC
000 -CABECERA
campo de control de longitud fija 00749nam a22002657a 4500
005 - FECHA Y HORA DE ACTUALIZACIÓN
campo de control 20190916122218.0
008 - LONGITUD FIJA
campo de control de longitud fija 190916b xxu||||| |||| 00| 0 spa d
020 ## - INTERNATIONAL STANDARD BOOK NUMBER
Número Internacional Estándar del Libro 9789587715262
041 ## - IDIOMA
Código de idioma del texto/pista de sonido o título separado
082 ## - CLASIFICACIÓN DECIMAL DEWEY
Número de clasificación 153.35 G182c
100 ## - AUTOR PERSONAL
Nombre de persona Galván, Liliana
245 ## - TÍTULO PROPIAMENTE DICHO
Título Creatividad para el cambio: innovación para la vida y la empresa
260 ## - PIE DE IMPRENTA
Lugar de publicación, distribución, etc. Colombia
260 ## - PIE DE IMPRENTA
Nombre del editor, distribuidor, etc. Ecoe Ediciones
260 ## - PIE DE IMPRENTA
Fecha de publicación, distribución, etc. 2017
300 ## - DESCRIPCIÓN FÍSICA
Extensión 164 páginas
650 ## - Materia General
Materia general CREATIVIDAD
650 ## - Materia General
Materia general INNOVACIÓN
650 ## - Materia General
Materia general CAMBIO
650 ## - Materia General
Materia general FASES DEL PROCESO CREATIVO
650 ## - Materia General
Materia general LEYES DEL PERFECCIONAMIENTO
650 ## - Materia General
Materia general RELACIONES DIGITALES
650 ## - Materia General
Materia general GERENCIA DEL CAMBIO
942 ## - Punto de Acceso Adicional Koha
Tipo de ítem Koha Libro
Existencias
Estado perdido Estado dañado No para préstamo Biblioteca permanente Biblioteca actual Signatura completa Código de barras Precio efectivo a partir del Tipo de ítem
      Departamento de Biblioteca y Documentación Alfonso Chase Brenes Departamento de Biblioteca y Documentación Alfonso Chase Brenes 153.35 G182c 24601 16/09/2019 Libro